| 000 | 01441cam a2200337 a 4500 | ||
|---|---|---|---|
| 001 | 4979326 | ||
| 005 | 20170105102857.0 | ||
| 008 | 980311s1998 caua b 001 0 eng | ||
| 010 | _a 98016522 | ||
| 020 | _a0804741298 (cloth : alk. paper) | ||
| 020 | _a0804735336 (pbk. : alk. paper) | ||
| 040 |
_aDLC _cDLC _dDLC |
||
| 043 | _aa-cc--- | ||
| 050 | 0 | 0 |
_aHN733 _b.R85 1998 |
| 082 | 0 | 0 |
_a307.76/2/0951 _221 |
| 100 | 1 | _aRuf, Gregory A. | |
| 245 | 1 | 0 |
_aCadres and kin : _bmaking a socialist village in West China, 1921-1991 / _cGregory A. Ruf. |
| 260 |
_aStanford, Calif. : _bStanford University Press, _c1998. |
||
| 300 |
_axvii, 249 p. : _bill. ; _c24 cm. |
||
| 504 | _aIncludes bibliographical references (p. 219-233) and index. | ||
| 650 | 0 |
_aVillages _zChina _xCase studies. |
|
| 650 | 0 |
_aVillages _zChina _xHistory _y20th century. |
|
| 650 | 0 |
_aCommunism _zChina _xHistory _y20th century. |
|
| 650 | 0 |
_aSocialism _zChina _xHistory _y20th century. |
|
| 856 | 4 | 2 |
_3Publisher description _uhttp://www.loc.gov/catdir/description/cam029/98016522.html |
| 856 | 4 | 1 |
_3Table of contents _uhttp://www.loc.gov/catdir/toc/cam027/98016522.html |
| 856 | 4 | 2 |
_3Contributor biographical information _uhttp://www.loc.gov/catdir/enhancements/fy0710/98016522-b.html |
| 906 |
_a7 _bcbc _corignew _d1 _eocip _f19 _gy-gencatlg |
||
| 942 |
_2ddc _cBK |
||
| 999 |
_c14538 _d14538 |
||